000 00517 a2200169 4500
999 _c7914
_d7914
020 _a0333929195
050 _aP95 MOR 1990
100 _aMohan, Krishna
_eauthor
245 _aDeveloping communication skills /
_cKrishna Mohan; Meera Banerji
264 _aNew Delhi :
_bRajiv Beri for Macmillan India Ltd,
_cc1990
300 _axv, 295p. :
_bill.
500 _aIncludes index
650 _aCommunication in organizations
650 _aCommunication
700 _aBanerji, Meera
_eauthor
942 _2lcc
_cBK
_h95
_iMOH
_kP